10 najbardziej zadłużonych państw świata - Statystyki

Ogólne statystyki
  • Ten quiz został rozwiązany 85 razy
  • Średni wynik to 8 z 10
Statystyki odpowiedzi
dług w $ Odpowiedź % Poprawnych
525mld Stany Zjednoczone
97%
355mld Chiny
94%
89mld Francja
90%
194mld Japonia
90%
69mld Niemcy
90%
75mld Wielka Brytania
88%
37mld Hiszpania
82%
52mld Kanada
81%
51mld Włochy
65%
38mld Korea Południowa
51%
Nie znaleziono quizów pasujących do podanych kryteriów
Rozkład punktacji
Procent ludzi z każdym wynikiem
Percentyl według liczby udzielonych odpowiedzi
Twoja historia wyników
Nie rozwiązałeś tego quizu